000
00168nam a2200073Ia 4500
008
170524s9999 xx 000 0 und d
100
_a
SAHAF- MA
245
0
_a
MANAGEMENT ACCOUNTING
260
_b
HIMALAYA
999
_c
7931
_d
7931